000
00320nam a22001337a 4500
082
_a
894.812
_b
VIJ/K
100
_a
VIJAYAN KOTHAMBATH
245
_a
KAZHCHAKAL KAUTHUKANGAL
246
_a
KAZHCHAKAL KAUTHUKANGAL
_b
KAZHCHAKAL KAUTHUKANGAL
260
_a
THRISSUR
_b
KSSP
_c
2023
300
_a
119
650
_a
G K
942
_c
BK
999
_c
9127
_d
9127